For families only: (Record no. 14589)

000 -LEADER
fixed length control field 00797nam a2200217 a 4500
001 - CONTROL NUMBER
control field :::00012421$&:&@@
003 - CONTROL NUMBER IDENTIFIER
control field OkBaRHE
005 - DATE AND TIME OF LATEST TRANSACTION
control field 20000607103419.0
008 - FIXED-LENGTH DATA ELEMENTS--GENERAL INFORMATION
fixed length control field s1977 j 000 0 eng u
040 ## - CATALOGING SOURCE
Transcribing agency
100 1# - MAIN ENTRY--PERSONAL NAME
Personal name Petersen, J. Allan,
245 10 - TITLE STATEMENT
Title For families only:
Remainder of title answering the tough questions parents ask.
260 ## - PUBLICATION, DISTRIBUTION, ETC. (IMPRINT)
Place of publication, distribution, etc Wheaton, IL., :
Name of publisher, distributor, etc Tyndale House
Date of publication, distribution, etc c1977
300 ## - PHYSICAL DESCRIPTION
Extent 320 p. ;
Dimensions 21 cm.
650 ## - SUBJECT ADDED ENTRY--TOPICAL TERM
Topical term or geographic name as entry element Child Rearing
General subdivision United States
-- Miscellanea
650 ## - SUBJECT ADDED ENTRY--TOPICAL TERM
Topical term or geographic name as entry element Conduct of LIfe
General subdivision Miscellanea
650 ## - SUBJECT ADDED ENTRY--TOPICAL TERM
Topical term or geographic name as entry element Family
General subdivision Religious Life
-- Miscellanea
942 ## - ADDED ENTRY ELEMENTS (KOHA)
Source of classification or shelving scheme
Koha item type Books
Copies
Source of classification or shelving scheme Koha item type Date last seen Lost status Not for loan Shelving location Withdrawn status Date acquired Barcode Price effective from Damaged status Full call number Copy number Permanent Location
 Books2010-04-14  General Stacks 2010-04-14124212010-04-14 HQ 728 .P2831RHEMA Bible Training College
 Books2010-04-14  General Stacks 2010-04-14196362010-04-14 HQ 728 .P2832RHEMA Bible Training College